000 00997nam a2200229 u 4500
001 000408594
003 AM-YeHGA
005 20250617132650.0
008 050209s1933 ||| r 000 0 rus d
040 _aAM-YeHGA
041 0 _arus
100 1 _aАнтонович, Максим Алексеевич
245 1 0 _aВоспоминания /
_cМ.А. Антонович, Г.З. Елисеев; Вступ. ст., коммент. и ред. В. Евгеньева-Максимова, Г.Ф. Тизенгаузена.
260 _aМосква ;
_aЛенинград :
_bAcademia,
_c1933.
300 _a579 с.
_b[14] л. ил.
440 0 _aРусские мемуары, письма и материалы. Шестидесятые годы
505 0 _aВоспоминания / Г.З. Елисеев.
653 0 _aЛитература - Биографии
700 1 _aЕлисеев, Г. З.
700 1 _aЕвгеньев-Максимов, В.
_eред.
_4edt
090 _c156763
999 _c155364
_d155364